000 01368nam a22002777a 4500
003 OSt
005 20230314095122.0
007 cr ||||||a|c|a
008 230220s2021 mx a|||fom||| 001 0 eng d
040 _erda
100 0 _993771
_aRajagopal Reddiar, Indumathi
245 1 _aEvaluación de la sostenibilidad a base de resiliencia integral en huertos familiares en el Totonacapan, México = Evaluation of the sustainability based on integral resilience of homegardens in Totonacapan, México /
_cpor Indumanthi Rajagopal Reddiar; director de tesis Jesús Axayácatl Cuevas Sánchez.
264 _aChapingo, México :
_bEl autor,
_c2021.
300 _a1 recurso en línea (231 páginas).
_bfiguras, tablas.
336 _2rdacontent
_atexto
_btxt
337 _2rdamedia
_acomputadora
_bc
338 _2rdacarrier
_arecurso en línea
_bcr
502 _bDCAMDS
_cFitotecnia
_d2021.
504 _aIncluye referencias bibliográficas: páginas 64-83,100-108,137-143,189-195.
650 2 _9133581
_aHuertos familiares
_xAspectos socioeconómicos
650 2 _9129657
_aHuertos familiares
_xRendimiento
650 2 _9106746
_aSistemas de cultivo
700 0 _930185
_aCuevas Sánchez, Jesús Axayácatl
_eDirector de tesis.
856 _uhttp://10.13.5.2/tesis/td/2021_FI_Rajagopal_Indumathi.pdf
_zDESCARGAR PDF
942 _2Clasificación Universidad Autónoma Chapingo
_cTD
999 _c218422
_d218422